| 000 | 00474nam a2200181Ia 4500 | ||
|---|---|---|---|
| 005 | 20250423101314.0 | ||
| 008 | 250422s9999 xx 000 0 und d | ||
| 020 | _a9780312267568 | ||
| 050 | _aPS 3570.S84 .T78/ | ||
| 100 | _aTsukiyama, Gail | ||
| 245 | 4 | _aThe language of threads: a novel | |
| 260 | _aNew York | ||
| 260 | _bSt. Martin’s griffin | ||
| 260 | _c1999 | ||
| 300 | _a276 p | ||
| 650 | _aWorld War, 1939-1945--China--Hong Kong--Fiction. | ||
| 942 | _cBK | ||
| 999 |
_c35913 _d35913 |
||